[Event "SVK-ch U12"]
[Site "Liptovsky Mikulas"]
[Date "2018.04.22"]
[Round "2"]
[White "Boba, Dominik"]
[Black "Stevik, Patrik1111"]
[Result "0-1"]
[WhiteElo "1577"]
[BlackElo "1713"]
[PlyCount "68"]
[EventDate "2018.04.21"]
[EventType "swiss"]
[EventRounds "9"]
[EventCountry "SVK"]
[SourceTitle "CBM 184 Extra"]
[Source "ChessBase"]
[SourceDate "2018.06.28"]
[SourceVersion "1"]
[SourceVersionDate "2018.06.28"]
[SourceQuality "1"]

1. d4 Nf6 2. c4 g6 3. Nc3 Bg7 4. Nf3 0-0 5. e3 d6 6. Be2 c6 7. 0-0 Nbd7 8. Qc2 Qc7 9. Rd1 e5 10. d5 cxd5 11. cxd5 a6 12. b3 Nc5 13. Bb2 Bf5 14. Qd2 Nfe4 15. Nxe4 Nxe4 16. Qc1 Qa5 17. a4 Rac8 18. Bc4 Nc5 19. Bc3 Qb6 20. Qb2 Ne4 21. Nd2 Nxc3 22. Qxc3 e4 23. Qc1 Bxa1 24. Qxa1 Qb4 25. Qb1 b5 26. axb5 axb5 27. Be2 Rc5 28. Nf1 Rfc8 29. Rd4 Qa3 30. Qd1 Rc1 31. Qd2 R8c2 32. Qb4 Qxb4 33. Rxb4 Rxe2 34. Rxb5 Ree1 0-1

[Event "Liptovsky Mikulas V4 U11 op"]
[Site "Liptovsky Mikulas"]
[Date "2017.06.25"]
[Round "9"]
[White "Boba, Dominik"]
[Black "Zumrik, Lukas"]
[Result "1-0"]
[WhiteElo "1329"]
[BlackElo "1350"]
[PlyCount "143"]
[EventDate "2017.06.22"]
[EventType "swiss"]
[EventRounds "9"]
[EventCountry "SVK"]
[SourceTitle "CBM 179 Extra"]
[Source "ChessBase"]
[SourceDate "2017.08.23"]
[SourceVersion "1"]
[SourceVersionDate "2017.08.23"]
[SourceQuality "1"]

1. d4 Nf6 2. c4 c5 3. d5 d6 4. Nc3 e6 5. e4 exd5 6. exd5 Bf5 7. Bf4 a6 8. Bd3 Bxd3 9. Qxd3 Be7 10. Nge2 Qc7 11. Ng3 0-0 12. 0-0 Nbd7 13. Nce4 Nxe4 14. Nxe4 f6 15. Qg3 Ne5 16. Bxe5 fxe5 17. f4 exf4 18. Rxf4 Rxf4 19. Qxf4 Rf8 20. Qg4 Qc8 21. Qxc8 Rxc8 22. Re1 Rf8 23. g3 Rf7 24. a3 b5 25. b3 h6 26. Kg2 Kf8 27. cxb5 axb5 28. Nc3 Rf5 29. Rf1 Rxf1 30. Kxf1 c4 31. bxc4 bxc4 32. Ke2 Bf6 33. Nb5 Be5 34. Na7 Ke8 35. Nc6 Bf6 36. Na5 c3 37. Kd3 Kd7 38. Nc4 g5 39. Ne3 Kc7 40. Nd1 c2 41. Kxc2 Kb6 42. Kb3 Kc5 43. Nc3 h5 44. Ne4+ Kxd5 45. Nxf6+ Ke5 46. a4 d5 47. Nxd5 Kxd5 48. a5 Kc6 49. Kc4 h4 50. g4 h3 51. Kd4 Kb5 52. Ke5 Kxa5 53. Kf5 Kb6 54. Kxg5 Kc7 55. Kf6 Kd8 56. Kf7 Kd7 57. g5 Kd6 58. g6 Ke5 59. g7 Kf4 60. g8Q Kf3 61. Qg3+ Ke4 62. Qxh3 Kd4 63. Qe6 Kc5 64. h4 Kd4 65. h5 Kc5 66. h6 Kd4 67. h7 Kc5 68. h8Q Kb4 69. Qc6 Kb3 70. Qhc3+ Ka2 71. Q6c4+ Kb1 72. Q4b3# 1-0

[Event "Liptovsky Mikulas V4 U11 op"]
[Site "Liptovsky Mikulas"]
[Date "2017.06.24"]
[Round "7"]
[White "Sustek, Adam"]
[Black "Boba, Dominik"]
[Result "1/2-1/2"]
[WhiteElo "1441"]
[BlackElo "1329"]
[PlyCount "59"]
[EventDate "2017.06.22"]
[EventType "swiss"]
[EventRounds "9"]
[EventCountry "SVK"]
[SourceTitle "CBM 179 Extra"]
[Source "ChessBase"]
[SourceDate "2017.08.23"]
[SourceVersion "1"]
[SourceVersionDate "2017.08.23"]
[SourceQuality "1"]

1. e4 c5 2. c3 d6 3. d4 cxd4 4. cxd4 Nf6 5. Nc3 a6 6. Be3 g6 7. Nf3 Bg7 8. Bc4 0-0 9. 0-0 Nbd7 10. Rc1 b5 11. Bd3 Bb7 12. a3 Rc8 13. Qb3 Rc7 14. d5 Nc5 15. Qd1 Nxd3 16. Qxd3 Qd7 17. Rc2 Ba8 18. Rfc1 Rfc8 19. Ne2 Rxc2 20. Rxc2 Rxc2 21. Qxc2 Bb7 22. Nfd4 Qc8 23. Qxc8+ Bxc8 24. f3 Nd7 25. Nc6 Kf8 26. b3 Bb2 27. a4 bxa4 28. bxa4 Ba3 29. Nc3 Bc5 30. Bxc5 1/2-1/2

[Event "SVK-ch U10"]
[Site "Liptovsky Mikulas"]
[Date "2017.04.28"]
[Round "9"]
[White "Stevik, Patrik1111"]
[Black "Boba, Dominik"]
[Result "1-0"]
[WhiteElo "1648"]
[BlackElo "1488"]
[PlyCount "87"]
[EventDate "2017.04.22"]
[EventType "swiss"]
[EventRounds "9"]
[EventCountry "SVK"]
[SourceTitle "CBM 178 Extra"]
[Source "ChessBase"]
[SourceDate "2017.06.22"]
[SourceVersion "1"]
[SourceVersionDate "2017.06.22"]
[SourceQuality "1"]

1. e4 c5 2. Nf3 d6 3. d4 cxd4 4. Nxd4 Nf6 5. Nc3 a6 6. h3 g6 7. Be3 Bg7 8. Qd2 0-0 9. f3 Bd7 10. g4 h5 11. Bg5 Qb6 12. 0-0-0 Re8 13. Bxf6 Bxf6 14. gxh5 Bxd4 15. Qxd4 Qxd4 16. Rxd4 Bc6 17. hxg6 fxg6 18. Bc4+ Kg7 19. Nd5 Bxd5 20. Bxd5 Nc6 21. Rd2 Rf8 22. Rf2 Rab8 23. a3 Nd4 24. f4 Rxf4 25. Rxf4 Ne2+ 26. Kd2 Nxf4 27. Bb3 Rh8 28. Rf1 g5 29. Rg1 Kf6 30. Rf1 Rxh3 31. Bd5 b6 32. Bb7 a5 33. Bc8 Rg3 34. Rh1 Ke5 35. Rh7 Kxe4 36. Rxe7+ Kd4 37. Bb7 Kc5 38. Rc7+ Kb5 39. Bc6+ Kc5 40. Bb7+ Kb5 41. b3 d5 42. c3 a4 43. Bc6+ Ka6 44. bxa4 1-0

[Event "SVK-ch U10"]
[Site "Liptovsky Mikulas"]
[Date "2017.04.27"]
[Round "8"]
[White "Musaev, Matej Elbek"]
[Black "Boba, Dominik"]
[Result "1/2-1/2"]
[WhiteElo "1736"]
[BlackElo "1488"]
[PlyCount "110"]
[EventDate "2017.04.22"]
[EventType "swiss"]
[EventRounds "9"]
[EventCountry "SVK"]
[SourceTitle "CBM 178 Extra"]
[Source "ChessBase"]
[SourceDate "2017.06.22"]
[SourceVersion "1"]
[SourceVersionDate "2017.06.22"]
[SourceQuality "1"]

1. e4 c5 2. Nf3 Nc6 3. d4 cxd4 4. Nxd4 d6 5. Be3 Nf6 6. Nc3 g6 7. Be2 Bg7 8. Qd2 0-0 9. 0-0-0 Bd7 10. Kb1 a6 11. f3 b5 12. Nb3 Qc7 13. Bg5 Be6 14. g4 Nd7 15. Nd5 Qd8 16. Nf4 Bxb3 17. cxb3 h6 18. Nxg6 fxg6 19. Bxh6 Bxh6 20. Qxh6 Qe8 21. Qg5 Qf7 22. h4 Nf6 23. h5 Kg7 24. hxg6 Qxg6 25. Qe3 Nd8 26. f4 Qxe4+ 27. Qxe4 Nxe4 28. Bf3 Rxf4 29. Rhf1 Rc8 30. Rd4 Ng3 31. Rxf4 Nxf1 32. Rd4 Nh2 33. Be2 Rc5 34. Rd3 Rg5 35. Rg3 Nxg4 36. Rxg4 Rxg4 37. Bxg4 Kf6 38. Kc2 d5 39. Kd3 Ke5 40. b4 Nc6 41. a3 Na7 42. b3 Kd6 43. Bh3 e5 44. Bg4 e4+ 45. Kd4 Nc6+ 46. Ke3 Ke5 47. Bc8 Nb8 48. Bb7 d4+ 49. Kd2 Kf4 50. Ke2 d3+ 51. Kd2 Kf3 52. a4 Kf4 53. Bc8 Kf3 54. Bb7 Kf4 55. Bc8 Ke5 1/2-1/2

[Event "SVK-ch U10"]
[Site "Liptovsky Mikulas"]
[Date "2017.04.25"]
[Round "6"]
[White "Dujava, Adam"]
[Black "Boba, Dominik"]
[Result "0-1"]
[WhiteElo "1069"]
[BlackElo "1488"]
[PlyCount "70"]
[EventDate "2017.04.22"]
[EventType "swiss"]
[EventRounds "9"]
[EventCountry "SVK"]
[SourceTitle "CBM 178 Extra"]
[Source "ChessBase"]
[SourceDate "2017.06.22"]
[SourceVersion "1"]
[SourceVersionDate "2017.06.22"]
[SourceQuality "1"]

1. e4 c5 2. Nf3 Nc6 3. d4 cxd4 4. Nxd4 e5 5. Nxc6 bxc6 6. Nc3 Nf6 7. Be3 Bb4 8. Bc4 Nxe4 9. Qf3 Nf6 10. 0-0 Bb7 11. Qg3 0-0 12. Bh6 Ne8 13. Ne4 d5 14. Rad1 Qe7 15. a3 Ba5 16. b4 Bb6 17. Be2 dxe4 18. b5 Qf6 19. Bg5 Qe6 20. Bd2 Nd6 21. bxc6 Bxc6 22. Bc3 f6 23. h4 Nc4 24. Bxc4 Qxc4 25. Bb4 Rfe8 26. Rd6 Qxc2 27. h5 Kf7 28. Qh3 Bb5 29. Rfd1 Qxf2+ 30. Kh1 Rad8 31. Rd7+ Rxd7 32. Rxd7+ Kg8 33. Qb3+ Kh8 34. Rd1 Bd3 35. Qf7 Qh4# 0-1

[Event "SVK-ch U10"]
[Site "Liptovsky Mikulas"]
[Date "2017.04.22"]
[Round "1"]
[White "Boba, Dominik"]
[Black "Basar, Martin"]
[Result "1-0"]
[WhiteElo "1488"]
[BlackElo "1000"]
[PlyCount "57"]
[EventDate "2017.04.22"]
[EventType "swiss"]
[EventRounds "9"]
[EventCountry "SVK"]
[SourceTitle "CBM 178 Extra"]
[Source "ChessBase"]
[SourceDate "2017.06.22"]
[SourceVersion "1"]
[SourceVersionDate "2017.06.22"]
[SourceQuality "1"]

1. d4 Nf6 2. c4 e6 3. Nc3 Bb4 4. Bd2 b6 5. Nf3 Bb7 6. e3 d6 7. Be2 Nbd7 8. 0-0 g6 9. Bd3 e5 10. dxe5 dxe5 11. Be2 Qe7 12. Nb5 Kd8 13. Bxb4 Qxb4 14. Nxe5 Qe7 15. Nf3 a6 16. Nc3 Qe6 17. Qd2 h6 18. Rad1 Kc8 19. b4 Qg4 20. h3 Qe6 21. a4 Ne5 22. Nd4 Qd7 23. Qb2 c5 24. bxc5 bxc5 25. Ndb5 Qc6 26. Nd6+ Kc7 27. Nxb7 Qxb7 28. Nd5+ Nxd5 29. Qxe5+ 1-0

[Event "SVK-ch U10"]
[Site "Liptovsky Mikulas"]
[Date "2016.04.22"]
[Round "8"]
[White "Tokarcik, Patrik"]
[Black "Boba, Dominik"]
[Result "0-1"]
[WhiteElo "1377"]
[BlackElo "1474"]
[PlyCount "72"]
[EventDate "2016.04.16"]
[EventType "swiss"]
[EventRounds "9"]
[EventCountry "SVK"]
[SourceTitle "CBM 172 Extra"]
[Source "ChessBase"]
[SourceDate "2016.06.21"]
[SourceVersion "1"]
[SourceVersionDate "2016.06.21"]
[SourceQuality "1"]

1. e4 c5 2. Nf3 Nc6 3. d4 cxd4 4. Nxd4 e5 5. Nf3 d6 6. Bc4 Be7 7. Nc3 Nf6 8. 0-0 h6 9. Be3 0-0 10. Qe2 Bg4 11. Qd1 Nh7 12. Be2 Qd7 13. Nd5 Bd8 14. Nd2 Bxe2 15. Qxe2 Ne7 16. Nxe7+ Bxe7 17. Nc4 Qc6 18. b3 Qxe4 19. f3 Qc6 20. Rad1 Rfd8 21. Rd3 f5 22. Kh1 f4 23. Bg1 Qe8 24. Rfd1 Qg6 25. R1d2 Nf8 26. Qd1 b6 27. Nxd6 Nh7 28. Ne4 Rxd3 29. Rxd3 Bf6 30. Rd7 Qe8 31. Qd5+ Kf8 32. Qb7 Rd8 33. Nxf6 Nxf6 34. Rxg7 Nh5 35. Rh7 Ng3+ 36. hxg3 Qh5+ 0-1

[Event "SVK-ch U10"]
[Site "Liptovsky Mikulas"]
[Date "2016.04.17"]
[Round "2"]
[White "Ondo, Daniel"]
[Black "Boba, Dominik"]
[Result "0-1"]
[WhiteElo "1000"]
[BlackElo "1474"]
[PlyCount "58"]
[EventDate "2016.04.16"]
[EventType "swiss"]
[EventRounds "9"]
[EventCountry "SVK"]
[SourceTitle "CBM 172 Extra"]
[Source "ChessBase"]
[SourceDate "2016.06.21"]
[SourceVersion "1"]
[SourceVersionDate "2016.06.21"]
[SourceQuality "1"]

1. e4 c5 2. d4 cxd4 3. Qxd4 Nc6 4. Qc4 e5 5. Nf3 d6 6. Ng5 Qf6 7. Nc3 Be6 8. Nd5 Qd8 9. Be2 Rc8 10. Nxe6 fxe6 11. Bh5+ g6 12. Bg4 exd5 13. Qxd5 Nge7 14. Qc4 Rc7 15. Be6 Nd4 16. Qa4+ b5 17. Qa6 Nxe6 18. Qxb5+ Kf7 19. 0-0 Rxc2 20. Bg5 Rc5 21. Qb3 Bg7 22. Qf3+ Ke8 23. Bh4 Rf8 24. Qg4 Rf4 25. Qxe6 Rxh4 26. Rad1 d5 27. exd5 Rxd5 28. Rc1 Rd6 29. Qc4 Rxc4 0-1